Escritos reunidos 1. ensayos, 1887-1907 / (Registro nro. 1717)
[ vista simple ]
| 000 -LEADER | |
|---|---|
| fixed length control field | 00766nam a2200229Ia 4500 |
| 003 - CONTROL NUMBER IDENTIFIER | |
| control field | DO-SdBJH |
| 005 - DATE AND TIME OF LATEST TRANSACTION | |
| control field | 20190222124537.0 |
| 008 - FIXED-LENGTH DATA ELEMENTS--GENERAL INFORMATION | |
| fixed length control field | 171116s9999 dr 000 0 spa d |
| 020 ## - INTERNATIONAL STANDARD BOOK NUMBER | |
| International Standard Book Number | 978-9945-020-73-1 |
| 040 ## - CATALOGING SOURCE | |
| Original cataloging agency | DO-SdBJH |
| Language of cataloging | spa |
| Transcribing agency | DO-SdBJH |
| 041 ## - LANGUAGE CODE | |
| Language code of summary or abstract | spa |
| 082 ## - DEWEY DECIMAL CLASSIFICATION NUMBER | |
| Classification number | RD 972.9305 |
| Item number | C352e 2009 |
| 100 1# - MAIN ENTRY--PERSONAL NAME | |
| Personal name | Castillo, Rafael J. |
| 245 10 - TITLE STATEMENT | |
| Title | Escritos reunidos 1. ensayos, 1887-1907 / |
| Statement of responsibility, etc. | Rafael J. Castillo |
| 260 ## - PUBLICATION, DISTRIBUTION, ETC. (IMPRINT) | |
| Place of publication, distribution, etc. | Santo Domingo : |
| Name of publisher, distributor, etc. | Archivo General de la Nación , |
| Date of publication, distribution, etc. | 2009 |
| 300 ## - PHYSICAL DESCRIPTION | |
| Extent | 318 páginas |
| 490 ## - SERIES STATEMENT | |
| Series statement | Archivo General de la Nación |
| Volume/sequential designation | vol. 97 |
| 651 ## - SUBJECT ADDED ENTRY--GEOGRAPHIC NAME | |
| Geographic name | República Dominicana |
| Form subdivision | historia, 1844-1930 |
| General subdivision | historia, 1930-1961 |
| 942 ## - ADDED ENTRY ELEMENTS (KOHA) | |
| Source of classification or shelving scheme | Dewey Decimal Classification |
| Koha item type | Libros |
| Withdrawn status | Lost status | Source of classification or shelving scheme | Damaged status | Not for loan | Collection code | Home library | Current library | Shelving location | Date acquired | Inventory number | Total Checkouts | Full call number | Barcode | Date last seen | Copy number | Price effective from | Koha item type |
|---|---|---|---|---|---|---|---|---|---|---|---|---|---|---|---|---|---|
| Dewey Decimal Classification | Colección Dominicana | SIBM UNADE - Biblioteca Escuela de Graduados de Estudios Militares, ERD | SIBM UNADE - Biblioteca Escuela de Graduados de Estudios Militares, ERD | En estantería | 07/15/2022 | 22-EERD-01784 | RD 972.9305 C352e 2009 | 22-EERD-01784 | 11/18/2017 | Ej.1 | 07/15/2022 | Libros | |||||
| Dewey Decimal Classification | Colección Dominicana | SIBM UNADE - Biblioteca Escuela de Graduados de Estudios Militares, ERD | SIBM UNADE - Biblioteca Escuela de Graduados de Estudios Militares, ERD | En estantería | 11/11/2017 | 16-EERD-00382 | RD 972.9305 C352es 2009 | 16-EERD-00382 | 11/18/2017 | Ej.2 | 11/11/2017 | Libros | |||||
| Dewey Decimal Classification | Colección Dominicana | SIBM UNADE - Biblioteca Escuela de Graduados de Estudios Militares, ERD | SIBM UNADE - Biblioteca Escuela de Graduados de Estudios Militares, ERD | En estantería | 11/11/2017 | 16-EERD-00383 | RD 972.9305 C352er 2009 | 16-EERD-00383 | 11/18/2017 | Ej.3 | 11/11/2017 | Libros | |||||
| Dewey Decimal Classification | Colección Dominicana | SIBM UNADE - Biblioteca Escuela de Graduados de Estudios Militares, ERD | SIBM UNADE - Biblioteca Escuela de Graduados de Estudios Militares, ERD | En estantería | 07/15/2022 | 22-EERD-01785 | RD 972.9305 C352e 2009 | 22-EERD-01785 | 07/15/2022 | Ej.2 | 07/15/2022 | Libros |
